Security analysis portfolio and management (Record no. 5590)

MARC details
000 -LEADER
fixed length control field 00512cam a2200193ua 4500
008 - FIXED-LENGTH DATA ELEMENTS--GENERAL INFORMATION
fixed length control field 131207n ii |||frmmmmZ001|0|eng
020 ## - INTERNATIONAL STANDARD BOOK NUMBER
International Standard Book Number 978-93-272-2695-9
040 ## - CATALOGING SOURCE
Transcribing agency MAIN
082 ## - DEWEY DECIMAL CLASSIFICATION NUMBER
Classification number 658
245 ## - TITLE STATEMENT
Title Security analysis portfolio and management
Statement of responsibility, etc. By Shashi K. Gupta
260 ## - PUBLICATION, DISTRIBUTION, ETC.
Place of publication, distribution, etc. Ludhiana:
Name of publisher, distributor, etc. Kalyani publishers,
Date of publication, distribution, etc. 2013.
300 ## - PHYSICAL DESCRIPTION
Extent x,9.21p.
700 ## - ADDED ENTRY--PERSONAL NAME
Personal name Gupta,Shashi k.,
Relator term
700 1# - ADDED ENTRY--PERSONAL NAME
Personal name Joshi,Rosy,
Relator term
942 ## - ADDED ENTRY ELEMENTS (KOHA)
Koha item type Books
653 ## - INDEX TERM--UNCONTROLLED
Uncontrolled term Commerce
653 ## - INDEX TERM--UNCONTROLLED
Uncontrolled term Security analysis
Holdings
Withdrawn status Lost status Damaged status Not for loan Home library Current library Shelving location Date acquired Total Checkouts Full call number Barcode Date due Date last seen Date last checked out Copy number Price effective from Koha item type
        Naharkatiya College Library Naharkatiya College Library General Stacks 19/09/2020 5 658 | GUP 21960 29/06/2022 14/06/2022 14/06/2022 1 19/09/2020 Books

Naharkatiya College © 2020. All rights reserved.

Powered By